Introduction to modern mathematics

Αποθηκεύτηκε σε:
Λεπτομέρειες βιβλιογραφικής εγγραφής
Κύριος συγγραφέας: Meschkowski, Herbert
Μορφή: Βιβλίο
Γλώσσα:English
German
Δημοσίευση: London : Harrap, c1968.
Θέματα:
Ετικέτες: Προσθήκη ετικέτας
Δεν υπάρχουν, Καταχωρήστε ετικέτα πρώτοι!

MARC

LEADER 00000cam a2200000 i 4500
001 1/96095
008 081027r19641968enk| ||| |||| ||eng||
035 |l 10101185 
040 |a GR-MyUa  |b gre  |e AACR2 
041 1 |a eng  |h ger 
082 7 |a 510   |2 (22) 
100 1 |a Meschkowski, Herbert. 
245 1 0 |a Introduction to modern mathematics /   |c Herbert Meschkowski ; translated by A. Mary Tropper.  
260 |a London :   |b Harrap,   |c c1968. 
300 |a ix, 193 σ. :   |b εικ. ;   |c 22 εκ. 
504 |a Περιέχει βιβλιογραφικές παραπομπές και ευρετήριο.  
650 0 |a Mathematics. 
765 0 8 |i Μετάφραση του:   |t Einfuhrung in die Mathematik /  
852 |a INST  |b SAMOS  |c MAG  |e 20081027  |h 510 MES  |p 005300029748  |q 005300029748  |t BK  |y 0 
901 |a BIBL3-2008-3 
970 |a ΡΟΥΣΣΟΥ  |b ΚΩΝΣΤΑΝΤΙΝΑ  |z 2008/10/27